Statistiques concernant A-Z : Groupes et chanteurs de Rock

Cliquez ici pour prendre le quiz!

Statistiques générales

  • Ce quiz a été pris 3 050 fois
  • Le résultat moyen est 15 sur 26

Statistiques - réponses

GenreQuelques chansonsGroupe% Correct
BPop RockLet it be / Help!The {Beatles}
95%
NGrungeSmells like Teen Spirit / Come as you areNirvana
93%
QRock ProgressifBohemian Rhapsody / The show must go onQueen
93%
RBlues RockPaint it black / AngieThe {Rolling Stones}
84%
URock alternatifSunday Bloody Sunday / OneU2
84%
PRock ProgressifAnother brick in the wall / Wish you were herePink Floyd
83%
MHeavy metalThe Unforgiven / Nothing else mattersMetallica
80%
LHard RockStairway to Heaven / Whole lotta loveLed Zeppelin
78%
SHard RockWind of change / Still loving youThe {Scorpions}
76%
ZBlues RockSharp dressed man / La GrangeZZ Top
62%
THard Rock françaisAntisocial / L'éliteTrust
57%
DArt RockAshes to Ashes / Life on Mars ?David Bowie
56%
VHard RockJump / PanamaVan Halen
55%
WHard RockBaba O'Riley / Behind blue eyesThe {Who}
51%
AHard RockCryin' / AmazingAerosmith
45%
IHeavy MetalRun to the Hills / The number of the BeastIron Maiden
45%
JBlues RockAll along the watchtower / Purple HazeJimi Hendrix
42%
OPunk RockSelf Esteem / You're gonna go far, KidThe {Offspring}
41%
FHard rock post-grungeThe Pretender / EverlongFoo Fighters
40%
CNew wave post-punkKilling an Arab / Fascination streetThe {Cure}
39%
GRock progressifInvisible Touch / I can't danceGenesis
37%
EBlues RockTears in Heaven / Wonderful TonightEric Clapton
32%
KNu metalFreak on a leash / Coming undoneKorn
30%
YRock progressifOwner of a lonely heart / RoundaboutYes
29%
HRock alternatifThe reason / Out of controlHoobastank
18%
XNew waveMaking plans for Nigel / Dear GodXTC
7%

Distribution des résultats

Percentile par nombre de réponses

% des personnes avec chaque résultat

Votre développement - résultats

Vous n’avez pas pris ce quiz